Normal view MARC view
  • War stories

Entry Topical Term

Number of records used in: 5

001 - CONTROL NUMBER

  • control field: 40166

003 - CONTROL NUMBER IDENTIFIER

  • control field: OSt

005 - DATE AND TIME OF LATEST TRANSACTION

  • control field: 20160613105009.0

008 - FIXED-LENGTH DATA ELEMENTS

  • fixed length control field: 160613|| aca||babn | a|a d

040 ## - CATALOGING SOURCE

  • Original cataloging agency: OSt

150 ## - HEADING--TOPICAL TERM

  • Topical term or geographic name as entry element: War stories

450 ## - SEE FROM TRACING--TOPICAL TERM

  • Topical term or geographic name entry element: War
  • Form subdivision: Fiction

450 ## - SEE FROM TRACING--TOPICAL TERM

  • Topical term or geographic name entry element: War
  • Form subdivision: Juvenile fiction

550 ## - SEE ALSO FROM TRACING--TOPICAL TERM

  • Topical term or geographic name entry element: Fiction